Data Mining and Predictive Analytics (Record no. 11697)

MARC details
000 -LEADER
fixed length control field 00459nam a22001937a 4500
003 - CONTROL NUMBER IDENTIFIER
control field OSt
008 - FIXED-LENGTH DATA ELEMENTS--GENERAL INFORMATION
fixed length control field 230114b ||||| |||| 00| 0 eng d
020 ## - INTERNATIONAL STANDARD BOOK NUMBER
International Standard Book Number 9789354247255
082 ## - DEWEY DECIMAL CLASSIFICATION NUMBER
Classification number 006.312 WAD
100 ## - MAIN ENTRY--PERSONAL NAME
Personal name LAROSE,Daniel T
245 ## - TITLE STATEMENT
Title Data Mining and Predictive Analytics
250 ## - EDITION STATEMENT
Edition statement 2nd Ed
260 ## - PUBLICATION, DISTRIBUTION, ETC. (IMPRINT)
Place of publication, distribution, etc New Delhi
Name of publisher, distributor, etc Wiley
Date of publication, distribution, etc 2022
300 ## - PHYSICAL DESCRIPTION
Extent 871
650 ## - SUBJECT ADDED ENTRY--TOPICAL TERM
Topical term or geographic name as entry element Data Mining
700 ## - ADDED ENTRY--PERSONAL NAME
Personal name LAROSE,Chantal D
700 ## - ADDED ENTRY--PERSONAL NAME
Personal name WALI,OP
942 ## - ADDED ENTRY ELEMENTS (KOHA)
Source of classification or shelving scheme Dewey Decimal Classification
Koha item type Reference Books
Holdings
Withdrawn status Lost status Source of classification or shelving scheme Damaged status Not for loan Collection code Home library Current library Date acquired Source of acquisition Currency Cost, normal purchase price Bill Number Total Checkouts Full call number Acc. no. / Barcode Date last seen Actual Cost, discounted price Bill Date Koha item type Public note
    Dewey Decimal Classification     B.Tech(CSE) PIET C-LIBRARY PIET C-LIBRARY 27/12/2022 International Book Centre IN Rupees 1019.00 IB/IN/923   006.312 WAD 34362 14/01/2023 713.30 27/12/2022 Reference Books  
    Dewey Decimal Classification     Computer Science and Engineering in AI & Data Science PIET C-LIBRARY PIET C-LIBRARY 19/12/2025 Young Global Publications INR 1219.00 2606   006.312 WAD 39849 14/02/2026 1036.15 19/12/2025 Text Books Decentrilization

Design & Developed by: PIET Central Library
R70 Miles Stone Pattikalyana Samalkha Panipat 132102
mail ID :- [email protected], Phone No:- 0180-2569700 Ex.216